00620nam a22001935i 4500001000700000003000900007005001700016008004100033020002200074080003100096245006000127250001200187260007200199300002100271504002000292600005800312710003300370852002300403169053ES-MaACL20230906213957.0080805s2006 sp |||| | spa d a978-84-8103-478-3 a929 Pérez Galdos, Benito00aBenito Pérez Galdós b: cronología, (1843 -1920). a1ª ed. aLas Palmas de Gran Canaria : bCasa Museo Pérez Galdós, c2006. a62 p. ; c21 cm. aBibliografía.17aPérez Galdós, Benito,d1843-1920-xCronología22 aCasa Museo Pérez Galdós.4 aES-MaACLjL-29535